Places To Study

There are group study rooms, individual study carrels, computer labs, and other spaces to study in the Libraries.

Reserve A Group Room

Online Resources

Access thousands of eBooks, audiobooks, and online journals from the comfort of your home.

Explore Resources

Events and Workshops

Join our upcoming events and workshops to enhance your skills and knowledge.

View Events

မဟာဝဂ္ဂအဋ္ဌကထာနိဿယသစ်၊ (Record no. 2650)

MARC details
000 -LEADER
fixed length control field 01082nam a22001937a 4500
003 - CONTROL NUMBER IDENTIFIER
control field OSt
005 - DATE AND TIME OF LATEST TRANSACTION
control field 20251129164529.0
008 - FIXED-LENGTH DATA ELEMENTS--GENERAL INFORMATION
fixed length control field 251129b |||||||| |||| 00| 0 eng d
040 ## - CATALOGING SOURCE
Transcribing agency DCL
082 ## - DEWEY DECIMAL CLASSIFICATION NUMBER
Classification number ၂၉၄.၃၈၂၂၃
130 ## - MAIN ENTRY--UNIFORM TITLE
Uniform title တိပိဋက။
Name of part/section of a work သုတ္တန္တပိဋက။
-- ဒီဃနိကာယ။
Title of a work မဟာဝဂ္ဂ၊
Language of a work အဋ္ဌကထာ၊
Version နိဿယ။
245 ## - TITLE STATEMENT
Title မဟာဝဂ္ဂအဋ္ဌကထာနိဿယသစ်၊
Number of part/section of a work ဒုတိယတွဲ။
Statement of responsibility, etc. အသျှင်နန္ဒဝံသမဟာထေရ်။
264 ## - PRODUCTION, PUBLICATION, DISTRIBUTION, MANUFACTURE, AND COPYRIGHT NOTICE
Place of production, publication, distribution, manufacture ရန်ကုန် ၊
Name of producer, publisher, distributor, manufacturer ဟံသာဝတီပုံနှိပ်တိုက်၊
Date of production, publication, distribution, manufacture, or copyright notice ၁၉၆၅။
300 ## - PHYSICAL DESCRIPTION
Extent ဌ၊ ၅၀၆ စာမျက်နှာ ၊
Dimensions ၂၅ စင်တီ။
650 ## - SUBJECT ADDED ENTRY--TOPICAL TERM
Topical term or geographic name entry element သုတ်မဟာဝါ
Form subdivision အဋ္ဌကထာနိဿယ။
650 ## - SUBJECT ADDED ENTRY--TOPICAL TERM
Topical term or geographic name entry element မဟာဝဂ္ဂ
Form subdivision အဋ္ဌကထာနိဿယ။
700 ## - ADDED ENTRY--PERSONAL NAME
Personal name နန္ဒဝံသမဟာထေရ်၊ အသျှင်
942 ## - ADDED ENTRY ELEMENTS (KOHA)
Source of classification or shelving scheme Dewey Decimal Classification
Koha item type Short Term
Suppress in OPAC No
Holdings
Withdrawn status Lost status Source of classification or shelving scheme Damaged status Not for loan Collection Accession No. Home library Current library Shelving location Date acquired Total checkouts Full call number Barcode Date last seen Price effective from Koha item type
    Dewey Decimal Classification     Myanmar Pitaka Collection ၂၈၈၆ Dhammadhara Dhammadhara Myanmar Pitaka Shelves 29/11/2025   ၂၉၄.၃၈၂၂၃ ဒီ ၂၈၈၆ MB00002886 29/11/2025 29/11/2025 Short Term